000 00506nam a2200181Ia 4500
001 11506
005 20260306162833.0
008 260306t2013||||xx |||||||||||||| ||spa||
041 _aESP
082 _a983.0616
_bO74
100 _aOrtiz Benites, Juan
_eAUT
245 0 _aSesiones secretas del Senado de Chile durante la Guerra del Pacífico:
_bmarzo de 1879 a septiembre de 1880
260 _c2013
300 _a306 páginas :
_c24 cm.
650 _aGEN
654 _aCHU
942 _cLIB
_dJUS
_fJUS
_2ddc
_n
999 _c11506
_d11506